000 01554nam a2200397 a 4500
001 ebr10492230
003 CaPaEBR
006 m u
007 cr cn|||||||||
008 100809s2010 nmuab sb 001 0 eng d
010 _z 2010033755
020 _z0826347630 (cloth : alk. paper)
020 _z9780826347633
020 _z9780826347657 (e-book)
040 _aCaPaEBR
_cCaPaEBR
035 _a(OCoLC)759158361
043 _an-mx---
_anc-----
050 1 4 _aF1435.3.R3
_bA84 2010eb
082 0 4 _a972.81
_222
100 1 _aAstor-Aguilera, Miguel Angel,
_d1961-
245 1 4 _aThe Maya world of communicating objects
_h[electronic resource] :
_bquadripartite crosses, trees, and stones /
_cMiguel Angel Astor-Aguilera.
260 _aAlbuquerque :
_bUniversity of New Mexico Press,
_cc2010.
300 _axix, 330 p. :
_bill., map.
504 _aIncludes bibliographical references (p. 275-323) and index.
533 _aElectronic reproduction.
_bPalo Alto, Calif. :
_cebrary,
_d2011.
_nAvailable via World Wide Web.
_nAccess may be limited to ebrary affiliated libraries.
650 0 _aMaya cosmology.
650 0 _aMayas
_xRites and ceremonies.
650 0 _aMaya architecture.
650 0 _aInscriptions, Mayan.
650 0 _aCeremonial objects.
650 0 _aSymbolism in art.
650 0 _aSymbolism in architecture.
655 7 _aElectronic books.
_2local
710 2 _aebrary, Inc.
856 4 0 _uhttp://site.ebrary.com/lib/rucke/Doc?id=10492230
_zAn electronic book accessible through the World Wide Web; click to view
999 _c125853
_d125853